Catálogo
 En Linea

Cecilio Acosta : (Registro nro. 18283)

Detalles MARC
000 -CABECERA
campo de control de longitud fija 00723cam a2200205 a 4500
001 - NÚMERO DE CONTROL
campo de control 000018763
005 - FECHA Y HORA DE LA ÚLTIMA TRANSACCIÓN
campo de control 20200929165844.0
008 - DATOS DE LONGITUD FIJA--INFORMACIÓN GENERAL
campo de control de longitud fija 840420s1977 ve s000 0bspa c
035 ## - NÚMERO DE CONTROL DEL SISTEMA
Número de control de sistema (DLC) 84672606
040 ## - FUENTE DE LA CATALOGACIÓN
Centro catalogador/agencia de origen DO-SdBNP
Lengua de catalogación spa
Centro/agencia transcriptor MH
Centro/agencia modificador DLC
-- BNPHU
050 14 - SIGNATURA TOPOGRÁFICA DE LA BIBLIOTECA DEL CONGRESO
Número de clasificación PQ8549.A3
Número de documento/Ítem Z576x 1977
049 ## - FONDOS LOCALES (OCLC)
Fondos de biblioteca BNPHU
100 1# - ENTRADA PRINCIPAL--NOMBRE DE PERSONA
Nombre de persona Díaz Seijas, Pedro.
9 (RLIN) 20677
245 10 - MENCIÓN DE TÍTULO
Título Cecilio Acosta :
Resto del título el apóstol y el pensador /
Mención de responsabilidad, etc. Pedro Díaz Seijas.
260 ## - PUBLICACIÓN, DISTRIBUCIÓN, ETC.
Lugar de publicación, distribución, etc. Los Teques :
Nombre del editor, distribuidor, etc. Biblioteca Popular Mirandina :
-- Gobernación del Estado Miranda,
Fecha de publicación, distribución, etc. 1977.
300 ## - DESCRIPCIÓN FÍSICA
Extensión 115 p. ;
Dimensiones 23 cm.
600 10 - PUNTO DE ACCESO ADICIONAL DE MATERIA--NOMBRE DE PERSONA
Nombre de persona Acosta, Cecilio,
Fechas asociadas al nombre 1818-1881.
9 (RLIN) 17887
650 #0 - PUNTO DE ACCESO ADICIONAL DE MATERIA--TÉRMINO DE MATERIA
Término de materia o nombre geográfico como elemento de entrada Authors, venezuelan
Subdivisión cronológica 19th century
Subdivisión general Biography.
9 (RLIN) 18146
910 ## - DATOS DE OPCIÓN DEL USUARIO (OCLC)
Datos de opción del usuario Catalogación derivada / LC
Existencias
Estado de retiro Estado de pérdida Restricciones de uso No para préstamo Código de colección Localización permanente Ubicación/localización actual Ubicación en estantería Fecha de adquisición Número de inventario Total de préstamos Signatura topográfica completa Código de barras Fecha visto por última vez Precio válido a partir de Tipo de ítem Koha
        Monografías: Libros y Folletos General General En catalogación 18.05.2010 LF1   18763-10 25.06.2020 25.06.2020 Préstamo en sala

Con tecnología Koha